La utopía arcaica : José María Arguedas y las ficciones del indigenismo /
Guardado en:
| Autor Principal: | |
|---|---|
| Formato: | Libro |
| Publicado: |
Mexico :
Fondo de Cultura Económica,
1996.
|
| Series: | Tierra Firme
|
| Materias: | |
| Etiquetas: |
Agregar Etiqueta
Sin Etiquetas, Sea el primero en etiquetar este registro!
|
| LEADER | 00601nam a22001695a 4500 | ||
|---|---|---|---|
| 001 | EHU.bham024192 | ||
| 008 | 130507s1996##################000#0#####d | ||
| 005 | 20240809082022.0 | ||
| 245 | 1 | 0 | |a La utopía arcaica : |b José María Arguedas y las ficciones del indigenismo / |c Mario Vargas Llosa. |
| 260 | |a Mexico : |b Fondo de Cultura Económica, |c 1996. | ||
| 300 | |a 359 p. | ||
| 490 | 0 | |a Tierra Firme | |
| 100 | 1 | |a Vargas Llosa, Mario | |
| 082 | P | E | |6 Pe863.407 V426 |
| 600 | 1 | 7 | |a Arguedas, José María. |
| 653 | |a Ensayo peruano-1911- | ||
| 859 | |a AR-BHAM |b BIB. HUMANIDADES - General |h Pe863.407 |i V426 |k PE |p 701.01 |t Ej.1 |v V426 | ||
